LEADER 02624nas 2200841-a 450 001 996205612703316 005 20240129213017.0 011 $a1872-6348 035 $a(DE-599)ZDB1462693-7 035 $a(OCoLC)38537190 035 $a(CKB)954925567759 035 $a(CONSER)--2002238882 035 $a(EXLCZ)99954925567759 100 $a19980303b19922005 s-- - 101 0 $aeng 135 $aurcnu|||||||| 181 $ctxt$2rdacontent 182 $cc$2rdamedia 183 $acr$2rdacarrier 200 10$aBrain research$iCognitive brain research 210 $a[Amsterdam] $cElsevier Science B.V.$d1992-2005 300 $a"A section of Brain Research devoted to the publication of cognitive and computational studies." 311 $a0926-6410 517 3 $aCognitive brain research 531 $aBRAIN RES COGN BRAIN RES 531 $aCOGNIT BRAIN RES 531 $aCOGNITIVE BRAIN RES 531 $aCOGN BRAIN 531 $aBRAIN RESEARCH. COGNITIVE BRAIN RESEARCH 606 $aCognitive neuroscience$vPeriodicals 606 $aBrain 606 $aHigher nervous activity 606 $aBrain$vperiodicals 606 $aCognition$xphysiology$vperiodicals 606 $aHigher Nervous Activity$vperiodicals 606 $aBrain 606 $aCognition$xphysiology 606 $aHigher Nervous Activity 606 $aBrain$vPeriodicals 606 $aCognition$xphysiology$vPeriodicals 606 $aHigher Nervous Activity$vPeriodicals 606 $aNeurosciences cognitives$vPériodiques 606 $aCerveau 606 $aActivité nerveuse supérieure 606 $abrains$2aat 606 $aHigher nervous activity$2fast$3(OCoLC)fst00956560 606 $aBrain$2fast$3(OCoLC)fst00837570 606 $aCognitive neuroscience$2fast$3(OCoLC)fst00866540 608 $aPeriodicals.$2fast 610 1 $aHumans$aBrain 615 0$aCognitive neuroscience 615 0$aBrain. 615 0$aHigher nervous activity. 615 2$aBrain 615 2$aCognition$xphysiology 615 2$aHigher Nervous Activity 615 2$aBrain 615 2$aCognition$xphysiology 615 2$aHigher Nervous Activity 615 2$aBrain 615 2$aCognition$xphysiology 615 2$aHigher Nervous Activity 615 6$aNeurosciences cognitives 615 6$aCerveau. 615 6$aActivité nerveuse supérieure. 615 7$abrains. 615 7$aHigher nervous activity. 615 7$aBrain. 615 7$aCognitive neuroscience. 906 $aJOURNAL 912 $a996205612703316 996 $aBrain research$9798614 997 $aUNISA LEADER 01130nam0 22002891i 450 001 UON00462511 005 20231205105130.438 010 $a978-88-389-3175-8 100 $a20151217d2014 |0itac50 ba 101 $aita 102 $aIT 105 $a|||| ||||| 200 1 $a1914$fLuciano Canfora 210 $aPalermo$cSellerio$d2014 215 $a167 p.$d17 cm. 410 1$1001UON00066079$12001 $aˆLa ‰memoria$v957 620 $aIT$dPalermo$3UONL000273 676 $a853.914$cNarrativa italiana. 1945-1999$v21 700 1$aCanfora$bLuciano$3UONV019816$038986 712 $aSellerio$3UONV249325$4650 801 $aIT$bSOL$c20251031$gRICA 899 $aSIBA - SISTEMA BIBLIOTECARIO DI ATENEO$2UONSI 912 $aUON00462511 950 $aSIBA - SISTEMA BIBLIOTECARIO DI ATENEO$dSI EUR D A 3268 $eSI 15856 5 3268 $sBuono 951 $aSIBA - SISTEMA BIBLIOTECARIO DI ATENEO$bSI20151800 1J 20151217Vs preventivo del 3/12/15 996 $a1914$9256548 997 $aUNIOR